000 02151nam0a2200481 4500
001 RU\NLR\bibl\1367962
005 20260405180118.0
010 _a978-5-386-01065-2
_93000
021 _aRU
_b2009-20344
_91206
035 _a(nilc)IZD\Ripol\2007\140125
035 _a(NLR Aleph) 001360109
090 _a975811
_c975811
100 _a20090428d2009 |||y0rusy50 ca
101 1 _arus
_ceng
102 _aRU
105 _ay |||||||||
200 1 _aШестое чувство
_eо том, как восприятие и интуиция животных сумели изменить жизнь людей
_dPsychyc pets how animal intuition and perception has changed human lives
_fЭмма Хэчкот-Джеймс
_zeng
210 _aМосква
_cРИПОЛ классик
_d2009
215 _a380, [1] с.
_d21
300 _aАвт. также на англ. яз.: Emma Heathcote-James
320 _aБиблиогр.: с. 376-379
510 0 _6z11790
_aPsychyc pets how animal intuition and perception has changed human lives
_zeng
606 1 _aЖивотные
_xПоведение
_9891914
_3RU\NLR\auth\66322770
606 1 _aМелкие домашние животные
_xПоведение
_92457200
_3RU\NLR\auth\661460440
606 1 _aЖивотные
_xПсихика
_xОсобые состояния
_92181177
_3RU\NLR\auth\661311667
610 1 _aпсихология домашних животных
610 1 _aдомашние животные
610 1 _aинстинкты животных
686 _a054
_aДомашние животные
_2TCC-BG
686 _a88.22
_vLBC/RL
_2rubbk
686 _a15.31.21
_2Rugasnti
686 _aЕ991.782
686 _aП67-273.99
686 _aЮ922.6
700 1 _4070
_8rus
_7ca
_aХэчкот-Джеймс
_bЭ.
_gЭмма
_3RU\NLR\auth\7777098
_960026
790 1 _4070
_8eng
_7ba
_aHeathcote-James
_bE.
_gEmma
_3RU\NLR\auth\7777099
_960027
801 0 _aRU
_bЛИБНЕТ
_c20090227
801 1 _aRU
_bЧелябинская ОУНБ
_c20090428
801 2 _aRU
_bNLR
_c20090512
_grcr
830 _aCODE_OF_LIBNET\000025075
942 _cBOOK
980 _aNB